LS Constituencies of Punjab - Statistics

General Stats
  • This quiz has been taken 22 times
  • The average score is 8 of 13
Answer Stats
Answer % Correct
Amritsar
100%
Jalandhar
94%
Patiala
94%
Ludhiana
89%
Bathinda
72%
Gurdaspur
67%
Faridkot
56%
Hoshiarpur
56%
Sangrur
44%
Fatehgarh Sahib
33%
Anandpur Sahib
28%
Firozpur
22%
Khadoor Sahib
17%
No matching quizzes found
Score Distribution
Percent of People with Each Score
Percentile by Number Answered
Your Score History
You have not taken this quiz